000 00534nam a2200217Ia 4500
003 OSt
005 20220928141545.0
006 a|||||r|||| 00| 0
007 ta
008 220927b |||||||| |||| 00| 0 eng d
024 _a15929
037 _cTextual
040 _aSDCL
_cSDCL
_beng
041 _2eng
_aeng
082 _aWxL29x, M5
100 _aLock F P
245 0 _aBurke's reflections on the revolution in France
260 _c1985
942 _hWxL29x, M5
_cTEXL
_2CC
999 _c818292
_d818292